Chile: Pumalín Corcovado
Guardat en:
| Autor principal: | |
|---|---|
| Format: | Llibre |
| Idioma: | espanyol anglès |
| Publicat: |
Santiago
Ocho Libros
2006
|
| Edició: | 1a. ed |
| Matèries: | |
| Etiquetes: |
Afegir etiqueta
Sense etiquetes, Sigues el primer a etiquetar aquest registre!
|
MARC
| LEADER | 00000nam a2200000 a 4500 | ||
|---|---|---|---|
| 001 | UCJ0524 | ||
| 003 | CL-VaPUC | ||
| 008 | 060811e20060000CL |||||||||||||||||spa|d | ||
| 020 | |a 9568018204 | ||
| 041 | 0 | 7 | |a spa |2 CL-VaPUC |
| 041 | 0 | 7 | |a eng |2 CL-VaPUC |
| 082 | 0 | 4 | |a 779.36 |b PIW |2 21 |
| 100 | 0 | |a Piwonka Zañartu, Nicolás |e author |9 500761 | |
| 245 | 1 | 0 | |a Chile: Pumalín Corcovado |
| 250 | |a 1a. ed | ||
| 300 | |a 147 p | ||
| 942 | |c BK | ||
| 945 | |d 20060811 00:00:00 |a cmena | ||
| 260 | |a Santiago |b Ocho Libros |c 2006 | ||
| 600 | 0 | 7 | |a PARQUE NACIONAL CORCOVADO |2 CL-VaPUC |9 500762 |
| 600 | 0 | 7 | |a TOMPKINS, DOUGLAS |2 CL-VaPUC |9 500763 |
| 600 | 0 | 7 | |a FUNDACION PUMALIN |2 CL-VaPUC |9 500764 |
| 650 | 0 | |a Paisajes |9 344660 | |
| 650 | 0 | |a Fotografías |9 268494 | |
| 650 | 0 | |a Recursos naturales |9 255232 | |
| 650 | 0 | |a Protección del medio ambiente |9 257626 | |
| 651 | 7 | |a CHILE |2 CL-VaPUC |9 500765 | |
| 583 | |a last modification |c 20140406 06:24:13 |k Rodrigo Vera | ||
| 999 | |c 317356 |d 317354 | ||
| 952 | |0 0 |1 0 |4 0 |6 779_360000000000000_PIW_2006 |7 0 |8 A |9 393645 |a BIBARQ |b BIBARQ |d 2019-11-22 |i 4262859 |o 779.36 PIW 2006 |p 4262859 |r 2025-01-20 |w 2019-11-22 |y BK |k ARQ | ||